Contabilidad de costos: (Registro nro. 8933)
[ vista simple ]
| 000 -LEADER | |
|---|---|
| fixed length control field | 02054nam a2200217Ia 4500 |
| 005 - FECHA Y HORA DE LA ÚLTIMA TRANSACCIÓN | |
| control field | 20230817160905.0 |
| 008 - FIXED-LENGTH DATA ELEMENTS--GENERAL INFORMATION | |
| fixed length control field | 230814s9999 xx 000 0 und d |
| 020 ## - INTERNATIONAL STANDARD BOOK NUMBER | |
| International Standard Book Number | 958-600-195-4 |
| 040 ## - CATALOGING SOURCE | |
| Original cataloging agency | UPAN |
| Transcribing agency | Biblioteca San Vicente |
| Description conventions | RCAA2 |
| 041 ## - LANGUAGE CODE | |
| Language code of text/sound track or separate title | spa |
| 082 ## - DEWEY DECIMAL CLASSIFICATION NUMBER | |
| Classification number | 657.46 |
| Item number | P755t |
| año de publicación | 1994 |
| 100 ## - MAIN ENTRY--PERSONAL NAME | |
| Personal name | Polimeni, Ralph S. |
| Relator code | aut. |
| 245 #0 - TITLE STATEMENT | |
| Title | Contabilidad de costos: |
| Remainder of title | Conceptos y aplicaciones para la toma de decisiones gerenciales/ |
| Statement of responsibility, etc | Ralph S. Polimeni, Frank J. Fabozzi, Arthur H Adelberg |
| 250 ## - EDITION STATEMENT | |
| Edition statement | 3° ed. |
| 260 ## - PUBLICATION, DISTRIBUTION, ETC. (IMPRINT) | |
| Place of publication, distribution, etc | Colombia: |
| Name of publisher, distributor, etc | McGraw Hill, |
| Date of publication, distribution, etc | 1994 |
| 300 ## - PHYSICAL DESCRIPTION | |
| Extent | 879 p.; |
| Dimensions | 27 cm. |
| 505 ## - FORMATTED CONTENTS NOTE | |
| Formatted contents note | 1. Naturaleza, conceptos y clasificación de la contabilidad de costos<br/>Parte 1: Costeo del producto<br/>2. Sistemas de acumulación de costos de producto, estados financieros e informes internos<br/>3. Costeo control de materiales y mano de obra<br/>4. Costeo y control de costos indirectos de fabricación<br/>5. Sistema de costeo por ordenes de trabajo<br/>6. Costeo por procesos I: Naturaleza y características<br/>7. Costeo por procesos II: Ampliación de conceptos<br/>8. Costeo de productos conjuntos y subproductos<br/>9. Presupuesto maestro: Naturaleza, desarrollo y aspectos<br/>10. Costos Estándar I: Establecimiento de estándares<br/>11. Costos Estándar II: Calculo y análisis de variaciones<br/>12. Costos Estándar III: Asientos en el libro diario y disposición de las variaciones<br/>13. Costeos directos y por absorción<br/>Parte 2: Evaluación del desempeño y toma de decisiones gerenciales<br/>14. Costos e ingresos relevantes en la toma de decisiones a corto plazo<br/>15. Análisis del punto equilibrio y análisis de costo-volumen-utilidad<br/>16 Presupuestación de capital<br/>17. Operaciones descentralizadas y contabilidad por niveles de responsabilidad<br/>18.Medición de desempeño I: Evaluación del desempeño por centro de responsabilidad<br/>19 medición del desempeño II: Análisis de la utilidad bruta<br/>20 Medición del desempeño III: Fijación de precios de transferencia |
| 650 ## - SUBJECT ADDED ENTRY--TOPICAL TERM | |
| Source of heading or term | LEMB |
| General subdivision | Contabilidad |
| 700 ## - ADDED ENTRY--PERSONAL NAME | |
| Personal name | Fabozzi, Frank J. |
| 942 ## - ADDED ENTRY ELEMENTS (KOHA) | |
| Koha item type | Libros |
| Source of classification or shelving scheme | Dewey Decimal Classification |
| Withdrawn status | Lost status | Source of classification or shelving scheme | Damaged status | Not for loan | Collection code | Home library | Current library | Date acquired | Total Checkouts | Full call number | Barcode | Date last seen | Copy number | Price effective from | Koha item type |
|---|---|---|---|---|---|---|---|---|---|---|---|---|---|---|---|
| Dewey Decimal Classification | Colección General | Biblioteca UPAN San Vicente | Biblioteca UPAN San Vicente | 14/08/2023 | 657.46 P755t | 12001627 | 14/08/2023 | 01 | 14/08/2023 | Libros | |||||
| Dewey Decimal Classification | Colección General | Biblioteca UPAN San Vicente | Biblioteca UPAN San Vicente | 17/08/2023 | 657.46 P755t | 12001626 | 17/08/2023 | 02 | 17/08/2023 | Libros | |||||
| Dewey Decimal Classification | Colección General | Biblioteca UPAN San Vicente | Biblioteca UPAN San Vicente | 17/08/2023 | 657.46 P755t | 12001628 | 17/08/2023 | 03 | 17/08/2023 | Libros | |||||
| Dewey Decimal Classification | Colección General | Biblioteca UPAN San Vicente | Biblioteca UPAN San Vicente | 17/08/2023 | 657.46 P755t | 12002626 | 17/08/2023 | 04 | 17/08/2023 | Libros |